Just roll with it / (Record no. 377309)
[ view plain ]
| 000 -LEADER | |
|---|---|
| fixed length control field | 01886cam a22004938i 4500 |
| 001 - CONTROL NUMBER | |
| control field | 22054931 |
| 005 - DATE AND TIME OF LATEST TRANSACTION | |
| control field | 20220921084621.0 |
| 006 - FIXED-LENGTH DATA ELEMENTS--ADDITIONAL MATERIAL CHARACTERISTICS--GENERAL INFORMATION | |
| fixed length control field | m |o d | |
| 007 - PHYSICAL DESCRIPTION FIXED FIELD--GENERAL INFORMATION | |
| fixed length control field | cr_||||||||||| |
| 008 - FIXED-LENGTH DATA ELEMENTS--GENERAL INFORMATION | |
| fixed length control field | 210526s2021 nyu co6 000 1 eng |
| 010 ## - LIBRARY OF CONGRESS CONTROL NUMBER | |
| LC control number | 2021025614 |
| 020 ## - INTERNATIONAL STANDARD BOOK NUMBER | |
| International Standard Book Number | 9781984897015 |
| Qualifying information | (ebook) |
| 020 ## - INTERNATIONAL STANDARD BOOK NUMBER | |
| Cancelled/invalid ISBN | 9781984896995 |
| Qualifying information | (paperback) |
| 020 ## - INTERNATIONAL STANDARD BOOK NUMBER | |
| Cancelled/invalid ISBN | 9780593125410 |
| Qualifying information | (hardcover) |
| 020 ## - INTERNATIONAL STANDARD BOOK NUMBER | |
| Cancelled/invalid ISBN | 9781984897008 |
| Qualifying information | (library binding) |
| 040 ## - CATALOGING SOURCE | |
| Original cataloging agency | DLC |
| Language of cataloging | eng |
| Transcribing agency | DLC |
| Description conventions | rda |
| 042 ## - AUTHENTICATION CODE | |
| Authentication code | pcc |
| 050 00 - LIBRARY OF CONGRESS CALL NUMBER | |
| Classification number | PZ7.7.D936 |
| 082 00 - DEWEY DECIMAL CLASSIFICATION NUMBER | |
| Classification number | 741.5/973 |
| Edition number | 23 |
| 092 ## - LOCALLY ASSIGNED DEWEY CALL NUMBER (OCLC) | |
| Classification number | J |
| 100 1# - MAIN ENTRY--PERSONAL NAME | |
| Personal name | Durfey-Lavoie, Lee, |
| Relator term | writer. |
| 9 (RLIN) | 6455150 |
| 245 10 - TITLE STATEMENT | |
| Title | Just roll with it / |
| Statement of responsibility, etc | written by Lee Durfey-Lavoie ; illustrated by Veronica Agarwal. |
| 250 ## - EDITION STATEMENT | |
| Edition statement | First edition. |
| 263 ## - PROJECTED PUBLICATION DATE | |
| Projected publication date | 2110 |
| 264 #1 - Production, Publication, Distribution, Manufacture, and Copyright Notice. | |
| Place of production, publication, distribution, manufacture | New York : |
| Name of producer, publisher, distributor, manufacturer | RH Graphic, |
| Date of production, publication, distribution, manufacture, or copyr | [2021] |
| 300 ## - PHYSICAL DESCRIPTION | |
| Extent | 1 online resource |
| 336 ## - Content Type | |
| Content type term | text |
| 336 ## - Content Type | |
| Content type term | text |
| 337 ## - Media type | |
| Media type term | computer |
| 338 ## - Carrier type | |
| Carrier type term | online resource |
| 520 ## - SUMMARY, ETC. | |
| Summary, etc | Maggie, who struggles with anxiety and OCD, gets through her first year of middle school by making friends, finding the best after-school clubs, and using her twenty-sided dice to help her make desicions. |
| 521 ## - TARGET AUDIENCE NOTE | |
| Target audience note | Ages 8-12 |
| Source | Random House Graphic |
| 650 #1 - SUBJECT ADDED ENTRY--TOPICAL TERM | |
| Topical term or geographic name as entry element | Anxiety |
| Form subdivision | Fiction. |
| 9 (RLIN) | 5701999 |
| 650 #1 - SUBJECT ADDED ENTRY--TOPICAL TERM | |
| Topical term or geographic name as entry element | Obsessive-compulsive disorder |
| Form subdivision | Fiction. |
| 9 (RLIN) | 5675459 |
| 650 #1 - SUBJECT ADDED ENTRY--TOPICAL TERM | |
| Topical term or geographic name as entry element | Middle schools |
| Form subdivision | Fiction. |
| 9 (RLIN) | 5675986 |
| 650 #1 - SUBJECT ADDED ENTRY--TOPICAL TERM | |
| Topical term or geographic name as entry element | Schools |
| Form subdivision | Fiction. |
| 9 (RLIN) | 5673727 |
| 650 #1 - SUBJECT ADDED ENTRY--TOPICAL TERM | |
| Topical term or geographic name as entry element | Friendship |
| Form subdivision | Fiction. |
| 9 (RLIN) | 5673769 |
| 655 #7 - INDEX TERM--GENRE/FORM | |
| Genre/form data or focus term | Graphic novels. |
| Source of term | lcgft |
| 700 1# - ADDED ENTRY--PERSONAL NAME | |
| Personal name | Agarwal, Veronica, |
| Relator term | illustrator. |
| 9 (RLIN) | 6455151 |
| 776 08 - ADDITIONAL PHYSICAL FORM ENTRY | |
| Display text | Print version: |
| Main entry heading | Durfey-Lavoie, Lee. |
| Title | Just roll with it |
| Edition | First edition. |
| Place, publisher, and date of publication | New York : RH Graphic, [2021] |
| International Standard Book Number | 9781984896995 |
| Record control number | (DLC) 2021025613 |
| 906 ## - LOCAL DATA ELEMENT F, LDF (RLIN) | |
| a | 7 |
| b | cbc |
| c | orignew |
| d | 1 |
| e | ecip |
| f | 20 |
| g | y-gencatlg |
| 942 ## - ADDED ENTRY ELEMENTS (KOHA) | |
| Source of classification or shelving scheme | Dewey Decimal Classification |
| Koha item type | BOOK |
| Withdrawn status | Lost status | Source of classification or shelving scheme | Damaged status | Not for loan | Collection code | Home library | Current library | Shelving location | Date acquired | Source of acquisition | Serial Enumeration / chronology | Total Checkouts | Total Renewals | Full call number | Barcode | Checked out | Date last seen | Date checked out | Cost, replacement price | Price effective from | Koha item type |
|---|---|---|---|---|---|---|---|---|---|---|---|---|---|---|---|---|---|---|---|---|---|
| Dewey Decimal Classification | Junior Graphic Novels | Wasatch County Library | Wasatch County Library | First Floor | 06/12/2024 | Amazon | #1 Just Roll with It | 19 | 13 | J GN Durfey-Lavoie | 34301002079855 | 04/10/2026 | 02/12/2026 | 02/12/2026 | 20.99 | 06/12/2024 | BOOK |
